| 000 | 00509nam a2200145Ia 4500 | ||
|---|---|---|---|
| 008 | 100122s9999 xx 000 0 und d | ||
| 082 |
_b44257 _a823 |
||
| 100 | _aसावरकर विनायक दामोदर | ||
| 245 | _aकाळे पाणी ( क.क्र.26/4 ) | ||
| 260 |
_bमनोरमा प्रकाशन _c1990 |
||
| 300 | _a266 | ||
| 630 | _aकाळे पाणी ( क.क्र.26/4 ) | ||
| 730 | _aकाळे पाणी ( क.क्र.26/4 ) | ||
| 942 | _cBOOK | ||
| 999 |
_c424066 _d424063 |
||